00338nam a22001337a 4500020001500000082003000015100001900045245002600064250000900090260004700099300001300146526003700159650000800196 a1840841818 a641.5954bSHEcN-01, P-50 aShehzad Husain aWhat's Cooking Indian a1998 aLondonbDempsey Parr Clifton Bristolc1998 a256 P, : a0b0c0d641_595400000000000_SHE aMCE